Statystyki dla Bundesliga bramkarze sezon 2019/2020

Kliknij tutaj aby rozwiązać quiz!

Ogólne statystyki

  • Ten quiz został rozwiązany 187 razy
  • Średni wynik to 12 z 18

Statystyki odpowiedzi

KlubNarodowośćZawodnik% Poprawnych
Bayern MonachiumNiemcyManuel Neuer
100%
Borussia DortmundSzwajcariaRoman Bürki
94%
Bayer LeverkusenFinlandiaLukas Hradecky
92%
Borussia MönchengladbachSzwajcariaYann Sommer
92%
Union BerlinPolskaRafał Gikiewicz
88%
RB LeipzigWęgryPeter Gulacsi
82%
Eintracht FrankfurtNiemcyKevin Trapp
78%
Werder BremaCzechyJiri Pavlenka
70%
WolfsburgBelgiaKoen Casteels
70%
Hertha BSCNorwegiaRune Jarstein
66%
FC KölnNiemcyTimo Horn
65%
TSG HoffenheimNiemcyOliver Baumann
62%
Schalke 04NiemcyAlexander Nübel
60%
FC AugsburgCzechyTomas Koubek
45%
Fortuna DüsseldorfUSAZack Steffen
42%
FreiburgNiemcyAlexander Schwolow
35%
Mainz 05NiemcyRobin Zentner
17%
Paderborn 07NiemcyLeopold Zingerle
9%

Rozkład punktacji

Percentyl według liczby udzielonych odpowiedzi

Procent ludzi z każdym wynikiem

Twoja historia wyników

Nie rozwiązałeś tego quizu